| 000 | 01577cam a2200277 4500 | ||
|---|---|---|---|
| 001 | L134966 | ||
| 008 | 060913n2006 000 0 eng u | ||
| 020 | _a0421915900 | ||
| 035 | _a(Sirsi) u134966 | ||
| 041 | 0 | _aeng | |
| 050 | 0 | 4 | _a624.08 $2 18 |
| 100 | 1 | _aGlover, Jeremy | |
| 245 | 0 | 0 |
_aUnderstanding the new FIDIC book _ba clause by clause commentary |
| 260 |
_aLondon _bSweet & Maxwell _cDecember 2006 |
||
| 300 |
_axxxvii, 434p. _c24cm. |
||
| 350 | _a137.75 | ||
| 505 | 1 | _aGeneral provisions -- The employer -- The engineer -- The contractor -- Nominated subcontractors -- Staff and labour -- Plant, materials and workmanship - Commencement, delays and suspension -- Tests on competition -- Employer's taking over -- Defects liability -- Measurement and evaluation -- Variations and adjustments -- Contract price and payment -- Termination by employer -- Suspension and termination by contractor -- Risk and responsibility -- Insurance -- Force majeure -- Claims, disputes and arbitration -- General conditions of dispute adjudication agreement | |
| 520 | _aProvides a commentary on the FIDIC Red Book, and a comparison of other widely used standards. Gives citations of court decisions in different jurisdications, and a commentary of the Multilateral Development Bank (MDB) harmonised version. | ||
| 590 | _aKA | ||
| 650 | 2 | 4 | _aFIDIC RED BOOK |
| 650 | 2 | 4 | _aMULTILATERAL DEVELOPMENT BANK |
| 651 | 4 |
_aUnited Kingdom _y |
|
| 690 | _aBUILT ENVIRONMENT-BUILDING CONTRACT FORMS-STANDARD FORMS OF BUILDING CONTRACT | ||
| 700 | 1 | _aHughes, Simon | |
| 942 | _n0 | ||
| 999 |
_c105868 _d105868 |
||